000 00539nam a2200193Ia 4500
003 GCL
008 140319s9999 xx 000 0 ara d
040 _aGCL /
_cGCL
082 0 4 _aد
_b050
245 1 0 _aالمساجد (عالم المعرفة 37)
300 _a300 ص
490 _aعالم المعرفة
_v0
650 0 4 _aالعمارة الاسلامية
650 0 4 _aالاثار الاسلامية
650 0 4 _aالمساجد
650 0 4 _aالفن الاسبانى
650 0 4 _aالفن الاسلامى
942 _2ddc
_cBK
999 _c50331
_d50331